000 00545nam a2200169 i 4500
001 67994
003 ES-MaACL
005 20230906170202.0
007 t|
008 040217s1963 sp ||||1| spa d
100 1 _aGambón Alix, Germán.
_953771
245 1 0 _aArrendamientos rústicos
_b: comentarios a su reglamentación /
_cGermán Gambón Alix, Juan Martínez Valencia.
260 _aBarcelona :
_bNauta,
_c[1963]
300 _aVIII, 917 p. ;
_c25 cm.
700 1 _aMartínez Valencia, Juan.
_978461
852 _aES-MaACL
_jC-25242
_bR.54034
999 _c67994
_d67994